Bytový dom
Saved in:
| Main Author: | |
|---|---|
| Other Authors: | |
| Format: | Manuscript Book |
| Language: | Slovak |
| Published: |
2024
|
| Subjects: | |
| Online Access: | http://is.stuba.sk/zp/portal_zp.pl?podrobnosti=177262 https://opac.crzp.sk/?fn=detailBiblioForm&sid=E866CA411CD4E51494B38C69BB2C |
| Tags: |
No Tags, Be the first to tag this record!
|
MARC
| LEADER | 00000ntm a22000003a 4500 | ||
|---|---|---|---|
| 001 | stuzp99163 | ||
| 003 | SK-STU | ||
| 005 | 20240909134915.2 | ||
| 007 | ta | ||
| 008 | 150427s2015----xo-----f-mn---000-0-slo-d | ||
| 040 | |a STU |b slo | ||
| 041 | 0 | |a slo | |
| 100 | 1 | |a Billová, Dominika |u 010270 |4 aut |U SvF Stavebná fakulta |T SvF Katedra technológie stavieb |X 114894 |U V270 |Y 28 |7 114894 | |
| 242 | 0 | 1 | |a Apartment House |y eng |
| 245 | 1 | 0 | |a Bytový dom |
| 260 | |c 2024 | ||
| 650 | 4 | |a Bytový dom |2 slo | |
| 650 | 4 | |a POV- projekt organizácie výstavby |2 slo | |
| 650 | 4 | |a keramické obklady |2 slo | |
| 650 | 4 | |a škárovanie |2 slo | |
| 650 | 4 | |a časový harmonogram |2 slo | |
| 650 | 4 | |a úprava povrchu |2 slo | |
| 650 | 4 | |a Apartment House |2 eng | |
| 650 | 4 | |a ceramic tiling |2 eng | |
| 650 | 4 | |a time schedule |2 eng | |
| 650 | 4 | |a POV - construction organization project, |2 eng | |
| 650 | 4 | |a surface treatment |2 eng | |
| 700 | 1 | |a Ďubek, Silvia |u 010270 |k Z1 |4 ths |U SvF Stavebná fakulta |T SvF Katedra technológie stavieb |X 49683 |U V270 |Y 28 |7 A000049683 | |
| 856 | 4 | |u http://is.stuba.sk/zp/portal_zp.pl?podrobnosti=177262 | |
| 856 | 4 | |u https://opac.crzp.sk/?fn=detailBiblioForm&sid=E866CA411CD4E51494B38C69BB2C | |